| 000 | 01021nam a22003137a 4500 | ||
|---|---|---|---|
| 003 | CHAP | ||
| 005 | 20220329134743.0 | ||
| 008 | 971013s1965 co r 00010 spa d | ||
| 010 | _a25300 | ||
| 011 | _a26272 | ||
| 035 | _a30372 | ||
| 040 | _cCHAP | ||
| 090 | _aFolleto 326 | ||
| 110 | 2 |
_aInstituto Latinoamericano de Mercadeo Agrícola _959244 |
|
| 245 | 1 | _aAcopio, manipulación y distribución de la papa en las plantas de Fontibón del INA | |
| 260 |
_aBogotá : _bInstituto Latinoamericano de Mercadeo Agrícola, _c1965 |
||
| 300 | _a16 p. | ||
| 490 | 0 | _aILMA-II-11-5 | |
| 590 |
_aBATCH-UPD _b10 _c20130110 _lUCH01 _h2125 |
||
| 590 |
_aBATCH-UPD _b10 _c20130410 _lUCH01 _h1434 |
||
| 590 |
_aBATCH-UPD _b10 _c20130914 _lUCH01 _h1723 |
||
| 590 |
_aCONVERSION _b10 _c20130109 _lUCH01 _h1315 |
||
| 650 | 1 | 4 |
_aPapa _xAlmacenamiento. _985167 |
| 650 | 1 | 4 |
_aPapa _xCostos de producción. _985212 |
| 830 | 0 |
_aILMA-II-11-5 _957439 |
|
| 901 | _aBK | ||
| 942 | _cFOLL | ||
| 949 |
_aFolleto 326 _bBC _cFOLL _d-70505 _eTS1 _i30372 _si |
||
| 999 |
_c25300 _d25300 |
||